Movies Quiz

Random Movies Quiz

There Will Be Blood Milkshake Speech Quiz Stats

Quiz not verified by Sporcle

Also try: Movie iPhone Cases
Challenge
Share
Tweet
Embed
Score 0/10 Timer 03:00
0 Plays Today
Line Rest of the line % Correct
YOURMILKSHAKE! (slurping sound)
88.6%
IDRINK
86.8%
IDrink it up!
83.1%
I'm so sorry. Here, if youhave a milkshake,
78.7%
and Ihave a milkshake,
75.9%
and Ihave a straw.
70.5%
and starts to drink your milkshake...
60%
And my strawreaches acroooooooss the room,
42.2%
There it is,thats a straw.
13.6%
You see?You watching?
6.9%

You're not logged in!

Compare scores with friends on all Sporcle quizzes.
Join for Free
OR
Log In

You Might Also Like...

Show Comments

Extras

Created Mar 11, 2010SourceReportNominate

Top Quizzes Today


Score Distribution

Your Account Isn't Verified!

In order to create a playlist on Sporcle, you need to verify the email address you used during registration. Go to your Sporcle Settings to finish the process.

Report this User

Report this user for behavior that violates our Community Guidelines.

Details: